Adam Sandler Filmography - Statistics

General Stats
  • This quiz has been taken 636 times
    27 since last reset
  • The average score is 30 of 60
Answer Stats
Hint Answer % Correct
1996 Happy Gilmore
94%
1999 Big Daddy
81%
1995 Billy Madison
81%
2006 Click
81%
2025 Happy Gilmore 2
81%
2019 Murder Mystery
81%
1998 The Waterboy
81%
2004 50 First Dates
75%
2008 Bedtime Stories
75%
2014 Blended
75%
2010 Grown Ups
75%
2013 Grown Ups 2
75%
2002 Mr. Deeds
75%
2023 Murder Mystery 2
75%
2011 Jack and Jill
69%
2011 Just Go with It
69%
1998 The Wedding Singer
69%
2005 The Longest Yard
63%
2019 Uncut Gems
63%
1994 Airheads
56%
2003 Anger Management
56%
2012 Hotel Transylvania
56%
2015 Hotel Transylvania 2
56%
2007 I Now Pronounce You Chuck & Larry
56%
2000 Little Nicky
56%
2015 Pixels
56%
2008 You Don't Mess with the Zohan
56%
1989 Going Overboard
50%
2018 Hotel Transylvania 3: Summer Vacation
50%
2020 Hubie Halloween
50%
2025 Jay Kelly
50%
2004 Spanglish
50%
2022 Hustle
44%
2023 Leo
44%
2012 That's My Boy
44%
2014 The Cobbler
44%
1993 Coneheads
38%
2002 Eight Crazy Nights
38%
2009 Funny People
38%
2002 Punch-Drunk Love
38%
2017 Sandy Wexler
38%
1991 Shakes the Clown
38%
2015 The Ridiculous 6
38%
2018 The Week Of
38%
2011 Zookeeper
38%
1996 Bulletproof
31%
1999 Deuce Bigalow: Male Gigolo
31%
2007 Reign Over Me
31%
2024 Spaceman
31%
2017 The Meyerowitz Stories (New and Selected)
31%
2023 You Are So Not Invited to My Bat Mitzvah
31%
1994 Mixed Nuts
25%
2003 Pauly Shore Is Dead
25%
2002 The Hot Chick
25%
2014 Top Five
25%
2005 Deuce Bigalow: European Gigolo
19%
1998 Dirty Work
19%
2001 The Animal
19%
2016 The Do-Over
19%
2014 Men, Women & Children
13%
No matching quizzes found
Score Distribution
Percent of People with Each Score
Percentile by Number Answered
Your Score History
You have not taken this quiz since the last reset